LDR 01203nam a2200265 i 4500 001 000000107020 003 CaOOAMICUS 005 20040729000000.0 008 040729s1980 it u000 u ita u 013 $a79231 040 $aSeMil$bita 100 1 $aFleming, John,$d<1785-1857>.$0(OLS)http://semarc/name/89457 240 14$aThe Penguin Dictionary of Decorative Arts.$0(OLS)http://semarc/title/155166 245 10$aDizionario delle arti minori e decorative /$cJohn Fleming e Hugh Honour. 260 $aMilano :$bFeltrinelli,$c1980. 300 $a773 p. :$briccamente ill. ;$c25 cm. 500 $aContiene : Appendice ; Fonti iconografiche. 650 4$aArti minori - Enciclopedie e dizionari.$0(OLS)http://semarc/subject/18636 650 4$aArte decorativa - Enciclopedie e dizionari.$0(OLS)http://semarc/subject/18637 700 1 $aHonour, Hugh,$d<1927-2016>.$0(OLS)http://semarc/name/44991 850 $aSeMil 852 $aSeMil$W1$xVenegono$y1$m5H XVI 92$j63117$B63117$CSeMilBibl$Z2$F85204 $81 961 $aOmaggio: Altro 996 $6245$aDizionario delle arti minori e decorative$9(OLS)http://semarc/title/155165 996 $6260$aMilano :$bFeltrinelli$9(OLS)http://semarc/publisher/30237